000 00871nam a2200253Ia 4500
003 OSt
005 20220923211323.0
006 a|||||r|||| 00| 0
007 ta
008 220922b |||||||| |||| 00| 0 hin d
020 _a9788181439208 (hbk)
_c450
024 _a238,546
037 _b383, 29/01/2009, Vani Prakashan
_cTextual
040 _aARTS
_cARTS
_bhin
041 _2hin
_ahin
082 _aO152,3N55x, P8
100 _aशर्मा, क्षमा
_9156290
245 0 _aरास्ता छोड़ो डार्लिंग
246 _aRāstā chhoड़o ḍārlianga
260 _aनयी दिल्ली
_b वाणी प्रकाशन
_c2008
300 _a275पृ.
_ccm.
942 _hO152,3N55x, P8
_cTEXL
_2CC
999 _c298472
_d298472